00853cam a22002291 4500001001300000003000400013005001700017008004100034010001700075035001800092040001800110042001200128050001800140100003700158245002200195260003400217300001800251500006600269500024800335700002500583999001500608af 47005627 DLC20260227110833.0721227s1946 xx 000 0 ger  aaf 47005627  a(OCoLC)525577 aDLCcOAUdDLC apremarc00aPT2617.A4bM61 aHaushofer, Albrecht,d1903-1945.10aMoabiter sonette. aBerlin,bL. Blanvalet,c1946. a89 p.c21 cm. aBiographical sketch of the author signed: Rainer Hildebrandt. a"Die letzten gedichte Albrecht Haushofers, der sein leben opferte, weil er ein mensch war und die freiheit über sein leben stellte. Aus der hand des toten empfangen, legen sie zeugnis ab für den geist, der ihn bewegte."--1st prelim. leaf.1 aHildebrandt, Rainer. c3210d3210